Lecturas de psicología del niño

Պահպանված է:
Մատենագիտական մանրամասներ
Հիմնական հեղինակ: Delval, Juan (Հեղինակ)
Ձևաչափ: Գիրք
Լեզու:իսպաներեն
Հրապարակվել է: Madrid Alianza 1979
Հրատարակություն:2a. ed
Շարք:Alianza Universidad. Textos
Խորագրեր:
Ցուցիչներ: Ավելացրեք ցուցիչ
Չկան պիտակներ, Եղեք առաջինը, ով նշում է այս գրառումը!

MARC

LEADER 00000nam a2200000 a 4500
001 UCO9416
003 CL-VaPUC
008 010302e19790000SP |||||||||||||||||spa|d
082 0 4 |a 155.4  |b DEL  |2 21 
100 0 |a Delval, Juan  |e author  |9 454539 
245 1 0 |a Lecturas de psicología del niño 
250 |a 2a. ed 
300 |a v 
942 |c BK 
945 |d 20010302 00:00:00  |a vberengu 
260 |a Madrid  |b Alianza  |c 1979 
500 |a v.1: Las teorías, los métodos y el desarrollo temprano 
500 |a v.2: El desarrollo cognitivo y afectivo del niño y del adolescente 
650 0 |a Psicología del niño  |9 307305 
650 0 |a Desarrollo afectivo  |9 334359 
650 0 |a Desarrollo mental   |9 313003 
650 0 |a Cognición   |9 270347 
650 0 |a Psicología del adolescente   |9 307864 
650 0 |a Psicología del desarrollo  |9 307541 
650 0 |a Memoria  |9 266549 
650 0 |a Inteligencia  |9 267038 
650 0 |a Relaciones interpersonales  |9 307056 
650 0 |a Aprendizaje   |9 254827 
650 7 |a DESARROLLO DE LA PERSONALIDAD  |2 CL-VaPUC  |9 311216 
650 7 |a DESARROLLO MORAL  |2 CL-VaPUC  |9 310605 
583 |a last modification  |c 20010302 00:00:00  |k Rodrigo Vera 
490 0 |a Alianza Universidad. Textos 
999 |c 293626  |d 293624 
952 |0 0  |1 0  |4 0  |6 155_400000000000000_DEL_1979  |7 0  |8 A  |9 345257  |a FDOPOS  |b FDOPOS  |d 2019-11-20  |h v.1  |i 3691640  |o 155.4 DEL 1979  |p 3691640  |r 2025-01-22  |w 2019-11-20  |y BK  |k MLA 
952 |0 0  |1 0  |4 0  |6 155_400000000000000_DEL_1979  |7 0  |8 A  |9 345258  |a FDOPOS  |b FDOPOS  |d 2019-11-20  |h v.2  |i 3691659  |o 155.4 DEL 1979  |p 3691659  |r 2025-01-22  |w 2019-11-20  |y BK  |k MLA